| 000 | 01165 a2200289 4500 | ||
|---|---|---|---|
| 111 |
_993026 _aUluslararası Mardin Tarihi Sempozyumu _d(2006 : _cİstanbul) |
||
| 999 |
_c200130488 _d29067 |
||
| 001 | 200130488 | ||
| 003 | TR-AnTOB | ||
| 005 | 20190510133724.0 | ||
| 008 | 171012b xxu||||| |||| 00| 0 tur d | ||
| 020 | _a9755856226 | ||
| 040 |
_aTR-AnTOB _cTR-AnTOB |
||
| 041 | _atur | ||
| 050 | 0 | 0 |
_aDS51.M3 _bU48 2006 |
| 090 |
_aDS51.M3 _bU48 2006 |
||
| 245 | 1 | 0 |
_aI. Uluslararası Mardin Tarihi Sempozyumu bildirileri : tarih 26-27-28 Mayıs 2006 = _b1st International Symposium of Mardin History papers : date 26-27-28 May 2006 / _ceditör, İbrahim Özcoşar, Hüseyin H. Güneş. |
| 246 | _aFirst International Symposium of Mardin History (2006 : İstanbul, Turkey) Mardin. | ||
| 264 | 1 |
_aİstanbul : _b Mardin Valiliği İl Özel İdaresi, _b, _c2006. |
|
| 300 | _a871 s.|c 27 cm | ||
| 490 | 0 | _aMardin Tarihi İhtisas Kütüphanesi ; yayın no. 6 | |
| 651 | 0 |
_aMardin (Turkey) _xHistory _937143 |
|
| 651 | 0 |
_aMardin (Türkiye) _xTarih _912486 |
|
| 700 | 1 |
_aÖzcoşar, İbrahim _937138 |
|
| 700 | 1 |
_aGüneş, Hüseyin H. _937139 |
|
| 942 |
_cBK _2lcc |
||